|
|
|
|
| LEADER |
00000nam0a2200000 4500 |
| 001 |
364315 |
| 005 |
20231102011657.0 |
| 035 |
|
|
|a (RuTPU)RU\TPU\retro\21673
|
| 090 |
|
|
|a 364315
|
| 100 |
|
|
|a 20211112d1981 m y0rusy50 ca
|
| 101 |
0 |
|
|a rus
|
| 102 |
|
|
|a RU
|
| 105 |
|
|
|a y j 001zy
|
| 200 |
1 |
|
|a Введение в морфологию современного тагальского языка
|e учебное пособие
|f Г. Е. Рачков
|g Ленинградский государственный университет
|
| 210 |
|
|
|a Ленинград
|c Изд-во ЛГУ
|d 1981
|
| 215 |
|
|
|a 216 с.
|
| 320 |
|
|
|a Библиогр.: с. 209-213
|
| 606 |
1 |
|
|a Тагальский язык
|2 stltpush
|3 (RuTPU)RU\TPU\subj\58509
|9 76292
|
| 610 |
1 |
|
|a языкознание
|
| 610 |
1 |
|
|a морфология
|
| 610 |
1 |
|
|a учебники
|
| 610 |
1 |
|
|a слова
|
| 610 |
1 |
|
|a словообразование
|
| 610 |
1 |
|
|a грамматическое строение
|
| 686 |
|
|
|a Ш179-923
|v LBC/SL-A
|2 rubbk
|
| 700 |
|
1 |
|a Рачков
|b Г. Е.
|g Геннадий Евгеньевич
|
| 712 |
0 |
2 |
|a Ленинградский государственный университет
|c (1924-1991)
|2 stltpush
|3 (RuTPU)RU\TPU\col\77
|9 23175
|
| 801 |
|
1 |
|a RU
|b 63413507
|c 20211112
|
| 942 |
|
|
|c BK
|